000
00311nam a2200133Ia 4500
008
191201s2004 xx 000 0 und d
082
_a
005.133
_b
RAC
100
_a
Rajaraman, V
245
0
_a
Computer Programme in C
260
_a
N.Delhi
_b
PHI
_c
2004
300
_a
363
650
_a
B.Tech(CSE)
942
_2
ddc
_c
BK
999
_c
2143
_d
2143